00366 a2200121 4500082001200000100002100012245006000033250000800093260004300101300002800144500001900172650005300191 a001.432 aBarzun, Jacques. aThe modern researchercJacques Barzun & Henry F. Graff. a6th aIslamabad :bNational Book Foundation. axiii, 322 p. ;c 24 cm. aIncludes Index a 1.Academic writing.2.Research.3.Historiography.